|
|
|
|
| LEADER |
00000cam a2200000 a 4500 |
| 001 |
vtls008335953 |
| 003 |
SK-MaSNL |
| 005 |
20260301075115.0 |
| 008 |
230403s1960 xo a f p 000 m slo |
| 015 |
|
|
|a SNBA1960/03-00379
|
| 020 |
|
|
|q (viazané)
|
| 035 |
|
|
|a SK01SNK19600028170
|
| 035 |
|
|
|a urn:nbn:sk:snk-am3irxj
|
| 035 |
|
|
|a 64FE6270-9A35-49BA-9C95-08BD7D84DE13
|
| 035 |
|
|
|a urn:nbn:sk:snk-am00ffju
|
| 035 |
|
|
|a SKM000030633
|
| 040 |
|
|
|a SNK
|b slo
|c SNK
|e AACR2
|
| 041 |
0 |
|
|a slo
|
| 044 |
|
|
|a xo
|c SK
|
| 072 |
|
7 |
|a 82
|x Literatúra. Literárny život
|2 konspekt
|
| 072 |
|
7 |
|a 37.016
|x Učebné osnovy. Vyučovacie predmety. Učebnice
|2 konspekt
|
| 080 |
|
|
|a 372.41(075.2)
|2 1981
|
| 080 |
|
|
|a 37.016:82
|2 2011
|
| 080 |
|
|
|a (075.2)
|2 2011
|
| 245 |
0 |
0 |
|a Čítanka pre 5. ročník všeobecnovzdelávacích škôl
|c Viktor Maar ; [ilustrácie: Martin Benka ... [et al.]]
|
| 250 |
|
|
|a 7. vyd.
|
| 260 |
|
|
|a Bratislava
|b Slovenské pedagogické nakladateľstvo
|c 1960
|
| 300 |
|
|
|a 250 strán
|b ilustrácie
|c 21 cm
|
| 366 |
|
|
|e 35100 kusov
|
| 650 |
0 |
7 |
|a literárna výchova
|2 SNKPH
|9 1653
|
| 655 |
|
7 |
|a učebnice základných škôl
|2 SNKPH
|9 70187
|
| 655 |
|
7 |
|a čítanky
|2 SNKPH
|9 60817
|
| 700 |
1 |
|
|a Maar, Viktor,
|d 1909-1970
|4 com
|9 189851
|
| 700 |
1 |
|
|a Benka, Martin,
|d 1888-1971
|4 ill
|9 100354
|
| 852 |
|
|
|a Slovenská národná knižnica
|
| 954 |
|
|
|a odborná, vedecká literatúra pôvodná (slovenská)
|2 lita
|
| 958 |
|
|
|a RK
|
| 958 |
|
|
|a TL
|
| 958 |
|
|
|a DB
|
| 958 |
|
|
|a OND
|
| 958 |
|
|
|a EUIPO
|
| 999 |
|
|
|c 649159
|d 651089
|
| 952 |
|
|
|a SNK
|b SNK
|y PREZ
|7 0
|p 17A0831400
|o snkSC 13999
|i snkKSP 404/60
|0 0
|1 0
|4 0
|d 2020-03-11
|f 1
|l 0
|r 2025-07-16 00:00:00
|w 2026-02-23
|